Conception et realisation d'une machine d'etude de la corrosion sous contrainte /

Guardado en:
Otros Autores: Buscarlet, Carol. (Disertante)
Formato: Manuscrito
Idioma:French
Publicado: 1977.
Materias:
Etiquetas: Agregar Etiqueta
Sin Etiquetas, Sea el primero en etiquetar este registro!
LEADER 00901ntm a22002295a 4500
001 EIQ.libpla002653
008 070716s1977####fr#a#####bm###000#0#fre#d
005 20070716181629.0
245 1 0 |a Conception et realisation d'une machine d'etude de la corrosion sous contrainte /  |c Carol Buscarlet. 
260 |c 1977. 
300 |a v, 221 p. :  |b il., tablas, figuras ;  |c 21 cm. 
502 |a Tesis (doctorado)--Ecole Nationale Superieure Des Mines De Saint-Etienne, 1977. 
500 |a Director de tesis: M. Guy Arnouil. 
504 |a Incluye referencias bibliográficas. 
100 1 |a Buscarlet, Carol.  |4 dis 
710 2 |a Ecole Nationale Superieure Des Mines De Saint-Etienne  |4 dgg. 
650 4 |a Catálisis  |x Tesis. 
650 4 |a Catálisis  |x Corrosión. 
650 4 |a Catalysis  |x Thesis. 
650 4 |a Catalysis  |x Corrosion. 
040 |a AR-BbSID  |b spa  |c AR-BbSID 
859 |a AR-BbSID  |b BIB. PLAPIQUI  |h 620.112 2  |i B 96  |p 2929